Caracas en el Epistolario de Bello

Đã lưu trong:
Chi tiết về thư mục
Tác giả chính: Bello, Andrés
Định dạng: Sách
Ngôn ngữ:Undetermined
Được phát hành: Caracas, Venezuela La casa de Bello 1979
Những chủ đề:
Các nhãn: Thêm thẻ
Không có thẻ, Là người đầu tiên thẻ bản ghi này!

MARC

LEADER 00000nam a2200000Ia 4500
008 170316s9999 xx 000 0 und d
040 |a cru BVZT 
090 |a 860 B-20c 
100 |a Bello, Andrés 
245 |a Caracas en el Epistolario de Bello 
260 |a Caracas, Venezuela 
260 |b La casa de Bello 
260 |c 1979 
300 |a 70 páginas 
650 |a LITERATURA LATINOAMERICANA 
999 |c 8396  |d 8396 
942 |c 15 D  |h 860 B-20c  |2 z